Individual Differences / Normal and Abnormal (Record no. 5234)
[ view plain ]
| 000 -LEADER | |
|---|---|
| fixed length control field | 01240cam a22001934a 4500 |
| 005 - ΗΜΕΡΟΜΗΝΙΑ ΚΑΙ ΩΡΑ ΤΕΛΕΥΤΑΙΑΣ ΕΝΗΜΕΡΩΣΗΣ | |
| Πεδίο ελέγχου | 20260202100027.0 |
| 008 - FIXED-LENGTH DATA ELEMENTS--GENERAL INFORMATION | |
| Πεδίο ελέγχου σταθερού μήκους | 250528s ||||||||||||||||||||||||d |
| 035 ## - SYSTEM CONTROL NUMBER | |
| System control number | 20095 |
| 020 ## - ISBN | |
| ISBN | 863772579 |
| 040 ## - ΠΗΓΗ ΚΑΤΑΛΟΓΟΓΡΑΦΗΣΗΣ | |
| Φορέας πρωτότυπης καταλογογράφησης | MC Athens Campus Library |
| Γλώσσα καταλογογράφησης | Ελληνικά, Μοντέρνα (1453-) |
| Modifying agency | MC Athens Campus Library |
| Κανόνες περιγραφικής καταλογογράφησης | AACR2 |
| 245 1# - ΤΙΤΛΟΣ ΚΑΙ ΔΗΛΩΣΗ ΥΠΕΥΘΥΝΟΤΗΤΑΣ | |
| Τίτλος | Individual Differences / Normal and Abnormal |
| 260 ## - PUBLICATION, DISTRIBUTION, ETC. | |
| Name of publisher, distributor, etc. | Psychology Press, |
| Date of publication, distribution, etc. | 1994 |
| 300 ## - PHYSICAL DESCRIPTION | |
| Extent | 200 |
| 520 ## - SUMMARY, ETC. | |
| Summary, etc. | While normal individuals obviously differ from each other in all sort of ways, psychologists have emphasized differences in intelligence and personality. Introduction, Intelligence and Intelligence Testing, Intelligence Testing, Factor Theories of Intelligence, Personality: Factor Theories, Traits and Types, Situationism, Interactionism, Constructivism, Cognitive Approaches to Personality, Approaches to Abnormality, Explaining Mental Disorders, Forms of Psychopathology, Schizophrenia, Depression, Anxiety Disorders, Personality Disorders, Childhood Disorders, Problems with Etiology, Therapeutic Approaches, Behavior Therapy, Psychotherapy, Cognitive Therapy, Somatic Therapy, Evaluating the Success of Therapy, References, Glossary, Author and Subject Index. |
| 700 1# - ΠΡΟΣΘΕΤΗ ΑΝΑΓΡΑΦΗ--ΦΥΣΙΚΟ ΠΡΟΣΩΠΟ | |
| Personal name | Eysenck, Michael W. |
| 9 (RLIN) | 211 |
| 942 ## - ADDED ENTRY ELEMENTS (KOHA) | |
| Koha item type | Books |
| Τύπος τεκμηρίου | Βιβλιοθήκη | Τρέχουσα τοποθεσία | Barcode | Αριθμός εισαγωγής | Ημερομηνία απόκτησης | Ταξιθετικό σύμβολο | Αριθμός αντιτύπου | Κατάσταση απόσυρσης | Κατάσταση χαμένου | Κατάσταση κατεστραμμένου | Μη δανεισμός | Σύνολο δανεισμών | Ημερομηνία τελευταίας εμφάνισης | Η τιμή ισχύει από |
|---|---|---|---|---|---|---|---|---|---|---|---|---|---|---|
| Books | MC Athens Campus Library | MC Athens Campus Library | 9780000052339 | 6313 | 05/06/2025 | 155.22 EYS | 1 | 05/06/2025 | 05/06/2025 |